000
00219 a2200097 4500
001
23430
100
_a
Hasan, S Z
245
_a
Kitab-ul-Shafi (Osul-e-Kafi)
260
_a
_b
Shamim Bk depot
_c
1966
090
_c
15824
_d
15824
942
_a
NUST-CAE
_c
M
_c
6474
999
_c
258503
_d
258503